000
00212 a2200097 4500
001
713
100
_a
Solomon,L
245
_a
Telstar(communication break-through)
260
_a
_b
Mcgrawhill
_c
090
_c
309
_d
309
942
_a
NUST-CAE
_c
M
_c
23224
999
_c
235786
_d
235786